| 000 | 00484nam a2200169Ia 4500 | ||
|---|---|---|---|
| 003 | GCL | ||
| 008 | 140319s9999 xx 000 0 ara d | ||
| 040 |
_aGCL / _cGCL |
||
| 082 | 0 | 4 |
_a811.1 _bم ج |
| 100 | 1 | _aمحمد الجوهرى | |
| 245 | 1 | 0 |
_aالجمهرة: مختارات من الشعر العربى / _cمحمد الجوهرى |
| 300 | _a871 ص | ||
| 490 |
_a100 قصة _v0 |
||
| 650 | 0 | 4 | _aالشعر العربى |
| 650 | 0 | 4 | _aالشعر الجاهلى |
| 942 |
_2ddc _cBK |
||
| 999 |
_c43773 _d43773 |
||